01076nam a22002417a 450000500170000000800410001702000250005802000230008302000230010602000230012902000220015205000190017410000280019324500930022125000110031426000710032530000190039650400290041550503070044465000240075170000280077570000310080320220810114018.0121015t cr ||||| |||| 00| 0 spa d a9968381055 ( Serie ) a9968380385 ( V.1 ) a9968381063 ( V.2 ) a996838108X ( V.3 ) a996838044X ( V.4) aK623bC65 20021 aColin, Ambroise,eautor10aGrandes Maestros del Derecho Civilc/ Ambroice Colin, Henry Capitant, Francesco Ferrara. a1a ed. aSan José, Costa Rica :bEditorial Juridica Universitaria,c2002. a4 v. ;c27 cm. aIncluye bibliografías.0 tV.1 Derecho Civil : Obligaciones /r Ambroice Colin, Henry Capintant .tV.2 Derecho Civil : Contratos / rAmbroice Colin, Henry CapintanttV.3 Derecho Civil : Garantias Personales y reales, y pruebas / rAmbroice Colin, Henry CapintanttV.4 Simulación de los negocios Juridicos / rFrancesco Ferrara. 72lembaDerecho Civil1 aCapitant, Henry,eautor1 aFerrara, Francesco,eautor